[Event "Nordic School Team Championship 2010"]
[Site "Jetsmark"]
[Date "2010.09.12"]
[Round "4.4"]
[White "Bohler, Johannes Hova"]
[Black "Pedersen, Anders"]
[Result "1-0"]
[WhiteElo "1317"]
[BlackElo "1197"]
[PlyCount "93"]
[EventDate "2010.??.??"]
[EventType "team"]
[EventRounds "5"]
[EventCountry "DEN"]
[WhiteTeam "Norway"]
[BlackTeam "Denmark 1"]
[WhiteTeamCountry "NOR"]
[BlackTeamCountry "DEN"]

1. e4 e5 2. Nf3 d6 3. Bc4 Nd7 4. d3 c6 5. c3 Be7 6. Be3 Ngf6 7. Qb3 O-O 8. Nbd2
Qc7 9. d4 h6 10. O-O b5 11. Bd3 Rb8 12. Qc2 Bb7 13. Nh4 Nb6 14. Nf5 Bc8 15.
Nxe7+ Qxe7 16. f4 Ng4 17. Rae1 Qh4 18. Nf3 Qe7 19. fxe5 dxe5 20. dxe5 Nxe3 21.
Rxe3 Nd7 22. Nd4 Nxe5 23. Rg3 Qd6 24. Be2 Qc5 25. b4 Qb6 26. Kh1 Bd7 27. Qd2
Kh8 28. Rf6 Ng6 29. Rd6 Qc7 30. Nxb5 cxb5 31. Rxd7 Qe5 32. Bf3 Rbc8 33. Rd4 Qf4
34. Qxf4 Nxf4 35. Bd1 Rcd8 36. Rf3 Ne6 37. Rdd3 Ng5 38. Rxd8 Rxd8 39. Rf1 Nxe4
40. Bb3 Nd2 41. Rd1 Rd7 42. Kg1 Nf3+ 43. gxf3 Rxd1+ 44. Bxd1 Kg8 45. Be2 a6 46.
c4 bxc4 47. Bxc4 1-0

[Event "Nordic School Team Championship 2010"]
[Site "Jetsmark"]
[Date "2010.09.12"]
[Round "4.1"]
[White "Nordman, Joonas"]
[Black "Andrason, Pall"]
[Result "1/2-1/2"]
[WhiteElo "1909"]
[BlackElo "1665"]
[PlyCount "64"]
[EventDate "2010.??.??"]
[EventType "team"]
[EventRounds "5"]
[EventCountry "DEN"]
[WhiteTeam "Finland"]
[BlackTeam "Iceland"]
[WhiteTeamCountry "FIN"]
[BlackTeamCountry "ISL"]

1. e4 e6 2. d3 d5 3. Nd2 Nf6 4. g3 Be7 5. Bg2 Nbd7 6. Ngf3 Nf8 7. O-O Ng6 8.
Qe2 O-O 9. Re1 Re8 10. Nf1 c6 11. h3 b6 12. N3d2 e5 13. Kh2 Be6 14. Nf3 dxe4
15. dxe4 Qc7 16. Bg5 h6 17. Bxf6 Bxf6 18. Ne3 Rad8 19. b3 Be7 20. Red1 Rxd1 21.
Rxd1 Rd8 22. Ne1 Rxd1 23. Nxd1 c5 24. c4 Bf6 25. Nc3 Ne7 26. Nd5 Nxd5 27. exd5
Bd7 28. h4 a6 29. Bh3 Be8 30. f4 Kf8 31. Nd3 exf4 32. Nxf4 Bxh4 1/2-1/2

[Event "Nordic School Team Championship 2010"]
[Site "Jetsmark"]
[Date "2010.09.12"]
[Round "4.2"]
[White "Brynjarsson, Eirikur Orn"]
[Black "Alhajaj, Amjad"]
[Result "1/2-1/2"]
[WhiteElo "1585"]
[BlackElo "1637"]
[PlyCount "58"]
[EventDate "2010.??.??"]
[EventType "team"]
[EventRounds "5"]
[EventCountry "DEN"]
[WhiteTeam "Iceland"]
[BlackTeam "Finland"]
[WhiteTeamCountry "ISL"]
[BlackTeamCountry "FIN"]

1. e4 e5 2. Nf3 Nc6 3. Bc4 Bc5 4. c3 Nf6 5. d3 d5 6. exd5 Nxd5 7. Bg5 f6 8. Bh4
Be6 9. O-O Nf4 10. Bxe6 Nxe6 11. Qb3 Qd7 12. Re1 O-O-O 13. d4 Be7 14. dxe5 Nc5
15. Qf7 Rdf8 16. Qxg7 Rfg8 17. Qh6 fxe5 18. Bxe7 Nxe7 19. Nxe5 Qd5 20. Qh3+ Kb8
21. c4 Qd4 22. Qc3 Qf4 23. g3 Qf5 24. Qd4 b6 25. b4 Rd8 26. Qg4 Nd3 27. Qxf5
Nxf5 28. Nxd3 Rxd3 29. a4 Nd4 1/2-1/2

[Event "Nordic School Team Championship 2010"]
[Site "Jetsmark"]
[Date "2010.09.12"]
[Round "4.3"]
[White "Wiklund, Samuel"]
[Black "Kristinn Lee, Gudmundur"]
[Result "1-0"]
[WhiteElo "1507"]
[BlackElo "1575"]
[PlyCount "113"]
[EventDate "2010.??.??"]
[EventType "team"]
[EventRounds "5"]
[EventCountry "DEN"]
[WhiteTeam "Finland"]
[BlackTeam "Iceland"]
[WhiteTeamCountry "FIN"]
[BlackTeamCountry "ISL"]

1. d4 c5 2. d5 e6 3. c4 d6 4. e4 Nf6 5. Nc3 exd5 6. exd5 g6 7. Be2 Bg7 8. Nf3
O-O 9. O-O Bf5 10. Qb3 b6 11. Nh4 Ne4 12. Nxf5 Nxc3 13. bxc3 gxf5 14. Bd3 Qf6
15. Bd2 Nd7 16. f4 Rfe8 17. Qc2 Nf8 18. Bxf5 Re7 19. Rae1 Rae8 20. Rxe7 Rxe7
21. Re1 Rxe1+ 22. Bxe1 Qe7 23. Qe4 Qxe4 24. Bxe4 Nd7 25. Kf2 Nf6 26. Bf3 Kf8
27. Ke2 Ke8 28. Kd2 Nd7 29. a4 Bh6 30. g3 Kd8 31. Kc2 Kc7 32. Bd2 a6 33. Kb3 a5
34. g4 f6 35. h4 Nf8 36. h5 Kd7 37. Kc2 Bg7 38. Kd3 Ke7 39. Ke4 Nd7 40. Kf5 Kf7
41. Be1 Nf8 42. g5 Bh8 43. Kg4 Bg7 44. Kf5 Bh8 45. h6 Ng6 46. Bh5 fxg5 47. Kxg5
Bf6+ 48. Kg4 Ke7 49. Bxg6 hxg6 50. Bh4 Kf7 51. Bxf6 Kxf6 52. h7 Kg7 53. Kg5
Kxh7 54. f5 Kg7 55. fxg6 Kg8 56. Kf6 Kf8 57. Ke6 1-0

[Event "Nordic School Team Championship 2010"]
[Site "Jetsmark"]
[Date "2010.09.12"]
[Round "4.4"]
[White "Sigurdsson, Birkir Karl"]
[Black "Ruhanen, Eero"]
[Result "1/2-1/2"]
[WhiteElo "1440"]
[BlackElo "1475"]
[PlyCount "46"]
[EventDate "2010.??.??"]
[EventType "team"]
[EventRounds "5"]
[EventCountry "DEN"]
[WhiteTeam "Iceland"]
[BlackTeam "Finland"]
[WhiteTeamCountry "ISL"]
[BlackTeamCountry "FIN"]

1. Nf3 Nf6 2. d4 d5 3. c4 c6 4. cxd5 cxd5 5. Nc3 Nc6 6. Bg5 e6 7. e3 Be7 8. Bd3
O-O 9. Qc2 h6 10. Bh4 b6 11. Bxf6 Bxf6 12. a3 Bb7 13. O-O Rc8 14. Rac1 Rc7 15.
Qe2 Re8 16. Bb5 Qd6 17. Bxc6 Rxc6 18. Nb5 Qb8 19. Rc3 a6 20. Rxc6 Bxc6 21. Nc3
b5 22. Rc1 Rc8 23. b4 Rc7 1/2-1/2

[Event "Nordic School Team Championship 2010"]
[Site "Jetsmark"]
[Date "2010.09.12"]
[Round "5.1"]
[White "Guttulsrud, Odd Martin"]
[Black "Nordman, Joonas"]
[Result "1-0"]
[WhiteElo "2024"]
[BlackElo "1909"]
[PlyCount "39"]
[EventDate "2010.??.??"]
[EventType "team"]
[EventRounds "5"]
[EventCountry "DEN"]
[WhiteTeam "Norway"]
[BlackTeam "Finland"]
[WhiteTeamCountry "NOR"]
[BlackTeamCountry "FIN"]

1. e4 Nf6 2. e5 Nd5 3. c4 Nb6 4. d4 d6 5. exd6 cxd6 6. Nc3 g6 7. Be3 Bg7 8. Rc1
O-O 9. b3 Nc6 10. h3 e5 11. dxe5 dxe5 12. c5 Nd7 13. Nf3 Qa5 14. Nd2 Nd4 15.
Nd5 Rd8 16. b4 Qxa2 17. Bc4 Qb2 18. Bg5 Rf8 19. Ne4 h6 20. Bd2 1-0

[Event "Nordic School Team Championship 2010"]
[Site "Jetsmark"]
[Date "2010.09.12"]
[Round "5.2"]
[White "Alhajaj, Amjad"]
[Black "Botheim, Tor"]
[Result "0-1"]
[WhiteElo "1637"]
[BlackElo "1849"]
[PlyCount "64"]
[EventDate "2010.??.??"]
[EventType "team"]
[EventRounds "5"]
[EventCountry "DEN"]
[WhiteTeam "Finland"]
[BlackTeam "Norway"]
[WhiteTeamCountry "FIN"]
[BlackTeamCountry "NOR"]

1. d4 Nf6 2. c4 g6 3. Nc3 Bg7 4. e4 d6 5. f3 O-O 6. Be3 e5 7. d5 c6 8. Qd2 cxd5
9. cxd5 Nh5 10. Bd3 f5 11. Nge2 f4 12. Bf2 Nf6 13. g4 fxg3 14. hxg3 Nh5 15. g4
Nf4 16. O-O-O Nxd3+ 17. Qxd3 Bxg4 18. Bh4 g5 19. Rdg1 Rxf3 20. Qd1 h5 21. Be1
Nd7 22. Bd2 Nc5 23. Qc2 Rc8 24. Ng3 Nd3+ 25. Kb1 Nf2 26. Rh2 Nh3 27. Rgg2 Nf4
28. Rg1 Qb6 29. Rhh1 Qc5 30. Qb3 b5 31. Bxf4 exf4 32. Nxh5 Bxh5 0-1

[Event "Nordic School Team Championship 2010"]
[Site "Jetsmark"]
[Date "2010.09.12"]
[Round "5.3"]
[White "Kjoita, Henning"]
[Black "Wiklund, Samuel"]
[Result "1-0"]
[WhiteElo "1862"]
[BlackElo "1507"]
[PlyCount "75"]
[EventDate "2010.??.??"]
[EventType "team"]
[EventRounds "5"]
[EventCountry "DEN"]
[WhiteTeam "Norway"]
[BlackTeam "Finland"]
[WhiteTeamCountry "NOR"]
[BlackTeamCountry "FIN"]

1. e4 e6 2. d4 d5 3. exd5 exd5 4. c4 c6 5. Nf3 Nf6 6. Bg5 Be7 7. Nc3 Be6 8. c5
Nbd7 9. Bd3 O-O 10. O-O h6 11. Bf4 Re8 12. h3 Nh7 13. Qc2 Ng5 14. Nh2 Nxh3+ 15.
gxh3 Bxh3 16. Rfe1 Rf8 17. Re3 Bg5 18. Bxg5 Qxg5+ 19. Rg3 Qh5 20. Be2 Bf5 21.
Bxh5 Bxc2 22. Ng4 g6 23. Ne3 Bd3 24. Be2 Bxe2 25. Nxe2 Rae8 26. Nc3 Kh7 27. Nc2
f5 28. Re1 Rxe1+ 29. Nxe1 Re8 30. Re3 Rxe3 31. fxe3 g5 32. Nf3 Kg6 33. Kg2 h5
34. b4 g4 35. Ne5+ Nxe5 36. dxe5 h4 37. Ne2 b6 38. b5 1-0

[Event "Nordic School Team Championship 2010"]
[Site "Jetsmark"]
[Date "2010.09.12"]
[Round "5.4"]
[White "Ruhanen, Eero"]
[Black "Kjoita, Torgeir"]
[Result "0-1"]
[WhiteElo "1475"]
[BlackElo "1562"]
[PlyCount "104"]
[EventDate "2010.??.??"]
[EventType "team"]
[EventRounds "5"]
[EventCountry "DEN"]
[WhiteTeam "Finland"]
[BlackTeam "Norway"]
[WhiteTeamCountry "FIN"]
[BlackTeamCountry "NOR"]

1. d4 d5 2. c4 e6 3. Nc3 c6 4. Nf3 Nf6 5. Bg5 Be7 6. e3 O-O 7. Bd3 b6 8. O-O
Bb7 9. Rc1 Nbd7 10. Qe2 Rc8 11. Rfd1 dxc4 12. Bxc4 Nd5 13. Bxe7 Qxe7 14. e4
Nxc3 15. Rxc3 Nf6 16. e5 Nd5 17. Bxd5 exd5 18. Rdc1 Rfd8 19. a3 c5 20. Qe3 c4
21. Nd2 b5 22. f4 f5 23. Qh3 Rf8 24. Rf1 Rc6 25. g4 fxg4 26. Qg2 Rg6 27. Rg3 h5
28. h3 b4 29. hxg4 hxg4 30. Rxg4 Rxg4 31. Qxg4 bxa3 32. bxa3 Qxa3 33. Qe6+ Rf7
34. Qe8+ Qf8 35. Qxf8+ Kxf8 36. Rf3 g6 37. Kf2 Bc8 38. Kg3 Kg7 39. Ra3 Rb7 40.
Re3 Be6 41. Kf2 a5 42. Ra3 Ra7 43. Ke3 Bd7 44. Nb1 a4 45. Nc3 Rb7 46. Nxa4 Ra7
47. Ra1 Rxa4 48. Rb1 Ra3+ 49. Kd2 Bf5 50. Re1 Rd3+ 51. Kc1 Rxd4 52. e6 Re4 0-1

[Event "Nordic School Team Championship 2010"]
[Site "Jetsmark"]
[Date "2010.09.12"]
[Round "5.1"]
[White "Andrason, Pall"]
[Black "Randrup, Morten"]
[Result "1-0"]
[WhiteElo "1665"]
[BlackElo "1490"]
[PlyCount "101"]
[EventDate "2010.??.??"]
[EventType "team"]
[EventRounds "5"]
[EventCountry "DEN"]
[WhiteTeam "Iceland"]
[BlackTeam "Denmark 2"]
[WhiteTeamCountry "ISL"]
[BlackTeamCountry "DEN"]

1. f4 d5 2. Nf3 Nc6 3. d4 e6 4. e3 Nf6 5. c3 Be7 6. Bd3 Ne4 7. O-O O-O 8. Nbd2
f5 9. Ne5 Rf6 10. Ndf3 Rh6 11. Qe1 g5 12. Nxc6 bxc6 13. Bxe4 dxe4 14. Ne5 Bb7
15. Qd1 g4 16. g3 Qe8 17. Rf2 Rd8 18. Qb3 Ba8 19. Qa4 Bd6 20. Qxa7 Qh5 21. Nc4
c5 22. Nxd6 cxd6 23. Qe7 Qe8 24. Qxe8+ Rxe8 25. dxc5 dxc5 26. Rd2 e5 27. fxe5
Rhe6 28. c4 Rxe5 29. b3 Kf7 30. Bb2 R5e7 31. Rad1 Bc6 32. Rd6 Re6 33. Rxe6 Rxe6
34. Ba3 Re5 35. Rd6 Be8 36. Rd5 Rxd5 37. cxd5 Ke7 38. Bxc5+ Kd7 39. Kf1 Bf7 40.
d6 Kc6 41. Ba3 Be6 42. Ke2 h5 43. Kd2 Bd7 44. Kc3 Kb6 45. Kd4 Kc6 46. Bc5 Bc8
47. a4 Kd7 48. Kd5 Ke8 49. Kc6 Be6 50. a5 Kd8 51. a6 1-0

[Event "Nordic School Team Championship 2010"]
[Site "Jetsmark"]
[Date "2010.09.12"]
[Round "5.2"]
[White "Sondergaard, Helene B"]
[Black "Brynjarsson, Eirikur Orn"]
[Result "1/2-1/2"]
[WhiteElo "1529"]
[BlackElo "1585"]
[PlyCount "88"]
[EventDate "2010.??.??"]
[EventType "team"]
[EventRounds "5"]
[EventCountry "DEN"]
[WhiteTeam "Denmark 2"]
[BlackTeam "Iceland"]
[WhiteTeamCountry "DEN"]
[BlackTeamCountry "ISL"]

1. d4 d5 2. c4 c6 3. e3 Nf6 4. Nc3 g6 5. Bd3 Bg7 6. Nf3 O-O 7. b3 Re8 8. h3
Nbd7 9. Bb2 a6 10. a3 e5 11. dxe5 Nxe5 12. Nxe5 Rxe5 13. O-O Re8 14. Qc2 Be6
15. cxd5 Nxd5 16. Nxd5 Bxd5 17. Bxg7 Kxg7 18. Rad1 Qg5 19. f4 Qg3 20. e4 Qe3+
21. Kh1 Bxe4 22. Rfe1 Bxg2+ 23. Qxg2 Qxf4 24. Re4 Qd6 25. Qb2+ Kg8 26. Bc2 Qg3
27. Rd3 Qf2 28. Rxe8+ Rxe8 29. Rd1 Qg3 30. Qa1 Qxh3+ 31. Kg1 h5 32. Rd2 Qe3+
33. Rf2 h4 34. Qf6 Qg3+ 35. Kh1 Re1+ 36. Rf1 Rxf1+ 37. Qxf1 h3 38. a4 g5 39. b4
g4 40. Bf5 b6 41. Bd3 a5 42. b5 c5 43. Bc4 Qc7 44. Qf5 g3 1/2-1/2

[Event "Nordic School Team Championship 2010"]
[Site "Jetsmark"]
[Date "2010.09.12"]
[Round "5.3"]
[White "Kristinn Lee, Gudmundur"]
[Black "Vestergaard, Steven"]
[Result "1/2-1/2"]
[WhiteElo "1575"]
[BlackElo "1594"]
[PlyCount "59"]
[EventDate "2010.??.??"]
[EventType "team"]
[EventRounds "5"]
[EventCountry "DEN"]
[WhiteTeam "Iceland"]
[BlackTeam "Denmark 2"]
[WhiteTeamCountry "ISL"]
[BlackTeamCountry "DEN"]

1. e4 Nf6 2. Nc3 e5 3. Nf3 Nc6 4. Bc4 Bc5 5. d3 h6 6. Be3 Bb6 7. O-O O-O 8. Qd2
Ng4 9. Nd5 d6 10. h3 Nxe3 11. fxe3 Na5 12. Bb3 c6 13. Nxb6 axb6 14. Qf2 Be6 15.
Nh4 Nxb3 16. axb3 Qg5 17. Nf5 Bxf5 18. exf5 Qf6 19. Ra3 e4 20. d4 Rxa3 21. bxa3
b5 22. Qd2 Qg5 23. Rf4 d5 24. Qc1 Ra8 25. Kh2 Qe7 26. b4 Qd6 27. g3 b6 28. f6
g6 29. c3 Kh7 30. h4 1/2-1/2

[Event "Nordic School Team Championship 2010"]
[Site "Jetsmark"]
[Date "2010.09.12"]
[Round "5.4"]
[White "Larsen, Kristine Aaen"]
[Black "Sigurdsson, Birkir Karl"]
[Result "0-1"]
[WhiteElo "1200"]
[BlackElo "1440"]
[PlyCount "52"]
[EventDate "2010.??.??"]
[EventType "team"]
[EventRounds "5"]
[EventCountry "DEN"]
[WhiteTeam "Denmark 2"]
[BlackTeam "Iceland"]
[WhiteTeamCountry "DEN"]
[BlackTeamCountry "ISL"]

1. e4 c5 2. Nc3 e6 3. d3 Nc6 4. Nf3 d5 5. exd5 exd5 6. Be2 Nf6 7. Bg5 Be7 8.
O-O O-O 9. d4 c4 10. Ne5 Be6 11. Bxf6 Bxf6 12. Nxc6 bxc6 13. Bg4 Bxg4 14. Qxg4
Qb6 15. Ne2 Qxb2 16. c3 Rfe8 17. Rfe1 Re4 18. Qf3 Rae8 19. Rab1 Rxe2 20. h3
Rxe1+ 21. Rxe1 Rxe1+ 22. Kh2 h6 23. Qg4 Qb8+ 24. g3 Qe8 25. Kg2 Qe4+ 26. Qxe4
Rxe4 0-1

[Event "Nordic School Team Championship 2010"]
[Site "Jetsmark"]
[Date "2010.09.12"]
[Round "5.1"]
[White "Eidenert, Carl"]
[Black "Christensen, Simon Ellegaard"]
[Result "1-0"]
[WhiteElo "1946"]
[BlackElo "1807"]
[PlyCount "53"]
[EventDate "2010.??.??"]
[EventType "team"]
[EventRounds "5"]
[EventCountry "DEN"]
[WhiteTeam "Sweden"]
[BlackTeam "Denmark 1"]
[WhiteTeamCountry "SWE"]
[BlackTeamCountry "DEN"]

1. c4 Nf6 2. g3 d5 3. Bg2 e6 4. Nf3 b6 5. d4 Bb7 6. O-O Be7 7. Nc3 O-O 8. cxd5
exd5 9. Bf4 Nbd7 10. Rc1 a6 11. Qb3 Rc8 12. Ne5 c6 13. e4 dxe4 14. Nxe4 Nd5 15.
Bh3 f5 16. Nc3 b5 17. Nxd5 cxd5 18. Rxc8 Qxc8 19. Rc1 Qe8 20. Nxd7 Qxd7 21. Rc7
Qe6 22. Rxb7 Bf6 23. Qe3 Qc6 24. Rc7 Qb6 25. Rc5 Qb7 26. Be5 Be7 27. Rc7 1-0

[Event "Nordic School Team Championship 2010"]
[Site "Jetsmark"]
[Date "2010.09.12"]
[Round "5.2"]
[White "Seirup, Simon"]
[Black "Bjerkliden, Mathias"]
[Result "1-0"]
[WhiteElo "1393"]
[BlackElo "1668"]
[PlyCount "111"]
[EventDate "2010.??.??"]
[EventType "team"]
[EventRounds "5"]
[EventCountry "DEN"]
[WhiteTeam "Denmark 1"]
[BlackTeam "Sweden"]
[WhiteTeamCountry "DEN"]
[BlackTeamCountry "SWE"]

1. d4 Nf6 2. c4 g6 3. Nc3 d5 4. cxd5 Nxd5 5. e4 Nxc3 6. bxc3 Bg7 7. Nf3 c5 8.
Be3 Nc6 9. Bb5 O-O 10. O-O Bg4 11. Bxc6 bxc6 12. e5 cxd4 13. cxd4 c5 14. dxc5
Bxe5 15. Qxd8 Raxd8 16. Nxe5 Be6 17. a3 f6 18. Nc6 Rd7 19. Rad1 Rc7 20. Nd4 Bg4
21. f3 Bc8 22. Rc1 Rd7 23. c6 Rd5 24. c7 f5 25. Rb1 f4 26. Bf2 g5 27. Rb8 Kf7
28. Nc6 Ke6 29. Nxa7 Kd7 30. Rxc8 Rxc8 31. Nxc8 Kxc8 32. Ba7 Rd3 33. Bb8 Rxa3
34. h3 Rd3 35. Re1 Rd7 36. Re5 h6 37. Rf5 Kb7 38. Rf8 Rd1+ 39. Kh2 Rc1 40.
c8=Q+ Rxc8 41. Rxc8 Kxc8 42. Be5 h5 43. h4 gxh4 44. Bxf4 Kd7 45. Kh3 Ke6 46.
Kxh4 Kf7 47. Kxh5 Kg8 48. Kg6 Kf8 49. Bg5 e6 50. Kf6 Kg8 51. Kxe6 Kh7 52. Ke7
Kh8 53. Bc1 Kh7 54. g4 Kh8 55. g5 Kh7 56. g6+ 1-0

[Event "Nordic School Team Championship 2010"]
[Site "Jetsmark"]
[Date "2010.09.12"]
[Round "5.3"]
[White "Luening, Hanna"]
[Black "Fyhn, Thomas"]
[Result "1-0"]
[WhiteElo "1622"]
[BlackElo "1422"]
[PlyCount "29"]
[EventDate "2010.??.??"]
[EventType "team"]
[EventRounds "5"]
[EventCountry "DEN"]
[WhiteTeam "Sweden"]
[BlackTeam "Denmark 1"]
[WhiteTeamCountry "SWE"]
[BlackTeamCountry "DEN"]

1. c4 Nf6 2. Nc3 d5 3. cxd5 Nxd5 4. e4 Nb4 5. d4 e6 6. Be3 Be7 7. Bc4 c6 8. a3
N4a6 9. Nf3 b6 10. Ne5 Bb7 11. Qh5 O-O 12. Qg4 Re8 13. Bxe6 fxe6 14. Qxe6+ Kh8
15. Nf7+ 1-0

[Event "Nordic School Team Championship 2010"]
[Site "Jetsmark"]
[Date "2010.09.12"]
[Round "5.4"]
[White "Pedersen, Anders"]
[Black "Alander, Johannes"]
[Result "1-0"]
[WhiteElo "1197"]
[BlackElo "1345"]
[PlyCount "67"]
[EventDate "2010.??.??"]
[EventType "team"]
[EventRounds "5"]
[EventCountry "DEN"]
[WhiteTeam "Denmark 1"]
[BlackTeam "Sweden"]
[WhiteTeamCountry "DEN"]
[BlackTeamCountry "SWE"]

1. d4 d5 2. c4 dxc4 3. Nc3 Nf6 4. Bf4 e6 5. Nf3 Bb4 6. Qa4+ Nc6 7. Ne5 Bxc3+ 8.
bxc3 Bd7 9. Nxd7 Qxd7 10. e3 Nd5 11. Qxc4 Nb6 12. Qb3 O-O 13. Bb5 a6 14. Bd3
Rfe8 15. Qc2 g6 16. h4 Nd5 17. h5 Nxf4 18. exf4 f5 19. hxg6 hxg6 20. g4 Kg7 21.
O-O-O Qd6 22. Kb1 Qxf4 23. gxf5 exf5 24. Rdg1 Kf6 25. Qb2 Qf3 26. Rg3 Qxh1+ 27.
Kc2 b6 28. c4 Qh2 29. d5+ Kf7 30. Kb3 Ne5 31. Bf1 Qh4 32. Rh3 Qd8 33. f4 Ng4
34. Rh7+ 1-0